Stylish retail store interiors / (Record no. 30901)

MARC details
000 -LEADER
fixed length control field 01953cam a22004217i 4500
001 - CONTROL NUMBER
control field 21323188
003 - CONTROL NUMBER IDENTIFIER
control field EG-ScBUE
005 - DATE AND TIME OF LATEST TRANSACTION
control field 20250217103905.0
008 - FIXED-LENGTH DATA ELEMENTS--GENERAL INFORMATION
fixed length control field 191206s2018 vraae f 001 0 eng d
020 ## - INTERNATIONAL STANDARD BOOK NUMBER
International Standard Book Number 9781864707649
020 ## - INTERNATIONAL STANDARD BOOK NUMBER
International Standard Book Number 186470764X
035 ## - SYSTEM CONTROL NUMBER
System control number (OCoLC)on1050953859
040 ## - CATALOGING SOURCE
Original cataloging agency BON
Language of cataloging eng
Description conventions rda
Transcribing agency BON
Modifying agency YDX
-- OCLCF
-- ERASA
-- ZYU
-- DLC
-- EG-ScBUE
082 04 - DEWEY DECIMAL CLASSIFICATION NUMBER
Classification number 725.21
Edition number 22
Item number STY
245 00 - TITLE STATEMENT
Title Stylish retail store interiors /
Statement of responsibility, etc edited by Brendan MacFarlane.
246 30 - VARYING FORM OF TITLE
Title proper/short title Stylish
264 #1 - PUBLICATION, DISTRIBUTION, ETC. (IMPRINT)
Place of publication, distribution, etc Mulgrave, Victoria, Australia :
Name of publisher, distributor, etc Images Publishing,
Date of publication, distribution, etc 2018.
300 ## - PHYSICAL DESCRIPTION
Extent 239 pages :
Other physical details illustrations (chiefly color), plans ;
Dimensions 31 cm
336 ## - CONTENT TYPE
Content type term text
Content type code txt
Source rdacontent
336 ## - CONTENT TYPE
Content type term still image
Content type code sti
Source rdacontent
337 ## - MEDIA TYPE
Media type term unmediated
Media type code n
Source rdamedia
338 ## - CARRIER TYPE
Carrier type term volume
Carrier type code nc
Source rdacarrier
500 ## - GENERAL NOTE
General note Includes index.
520 ## - SUMMARY, ETC.
Summary, etc With customers demanding an increasingly personalised experience, stores must project a distinctive visual style to stand out among the many uniform products and services out there. "Stylish Retail Store Interiors" analyses a variety of case studies to outline the latest trends in retail design, from organising store layout to designing enticing product displays, providing both a useful reference for professionals and a source of inspiration for students. --
Assigning source Source other than Library of Congress.
650 #7 - SUBJECT ADDED ENTRY--TOPICAL TERM
Topical term or geographic name as entry element Stores, Retail
Form subdivision Designs and plans.
Source of heading or term BUEsh
650 #7 - SUBJECT ADDED ENTRY--TOPICAL TERM
Topical term or geographic name as entry element Stores, Retail
General subdivision Design.
Source of heading or term BUEsh
650 #7 - SUBJECT ADDED ENTRY--TOPICAL TERM
Topical term or geographic name as entry element Store decoration
Form subdivision Pictorial works.
Source of heading or term BUEsh
650 #7 - SUBJECT ADDED ENTRY--TOPICAL TERM
Topical term or geographic name as entry element Interior decoration
Form subdivision Pictorial works.
Source of heading or term BUEsh
650 #7 - SUBJECT ADDED ENTRY--TOPICAL TERM
Topical term or geographic name as entry element Interior architecture
Form subdivision Pictorial works.
Source of heading or term BUEsh
650 #7 - SUBJECT ADDED ENTRY--TOPICAL TERM
Topical term or geographic name as entry element Branding (Marketing)
Source of heading or term BUEsh
650 #7 - SUBJECT ADDED ENTRY--TOPICAL TERM
Topical term or geographic name as entry element Corporate image
General subdivision Design.
Source of heading or term BUEsh
653 ## - INDEX TERM--UNCONTROLLED
Arrived date list February2025
Resource For college Arts and Design
655 ## - INDEX TERM--GENRE/FORM
Form subdivision Reading book
700 1# - ADDED ENTRY--PERSONAL NAME
Personal name MacFarlane, Brendan,
Dates associated with a name 1961-
Relator term editor.
906 ## - LOCAL DATA ELEMENT F, LDF (RLIN)
a 7
b cbc
c copycat
d 3
e ncip
f 20
g y-gencatlg
942 ## - ADDED ENTRY ELEMENTS (KOHA)
Source of classification or shelving scheme Dewey Decimal Classification
Koha item type Book - Borrowing
Holdings
Withdrawn status Lost status Source of classification or shelving scheme Damaged status Not for loan Collection code Home library Current library Shelving location Date acquired Source of acquisition Cost, normal purchase price Serial Enumeration / chronology Total Checkouts Full call number Barcode Date last seen Date checked out Cost, replacement price Price effective from Koha item type
    Dewey Decimal Classification     Baccah Central Library Central Library Second Floor 17/02/2025 Purchase 1039.00 39023 1 725.21 STY 000057264 15/02/2026 03/12/2025 1299.00 17/02/2025 Book - Borrowing